Il linguaggio dell'amore /

Guardat en:
Dades bibliogràfiques
Autor principal: Reve, Gerard Kornelis : van het (Autor)
Altres autors: Ferrari, Fulvio, (1955- )
Format: Llibre
Idioma:italià
Publicat: [Torino] : Il quadrante, [1986]
Col·lecció:Letture ; 2
Etiquetes: Afegir etiqueta
Sense etiquetes, Sigues el primer a etiquetar aquest registre!

MARC

LEADER 00000nam a22000007i 4500
001 IT\ICCU\MOD\0220415
003 ItRI
005 20260115231919.0
008 010330s1986 it |||||| ||||| |||||c
020 |a 8871800591 
040 |b ita  |c importazione bologna sebina 
041 7 |a ita  |2 ISO-639-2 
100 1 |a Reve, Gerard Kornelis : van het  |0 IT\ICCU\PUVV\247535  |4 aut 
240 1 3 |a De taal der liefde  |3 IT\ICCU\PUV\0138408  |9 Reve, Gerard Kornelis : van het 
245 1 3 |a Il linguaggio dell'amore /  |c Gerard Reve ; a cura di Fulvio Ferrari. 
260 |a [Torino] :  |b  Il quadrante,  |c [1986] 
300 |a 121 p. ;  |c 23 cm. 
700 1 |a Ferrari, Fulvio,  |d  (1955- )  |0 IT\ICCU\CFIV\008324 
790 1 |a Reve, Gerard  |3 IT\ICCU\IEIV\145767  |z Reve, Gerard Kornelis : van het 
830 0 |a Letture ;  |v 2  |0 IT\ICCU\CFI\0089794 
942 |2 ddc  |c BK  |n 0 
952 |0 0  |1 0  |4 0  |6 DOC_839_330000000000000_REV  |7 0  |9 16344  |a BO  |b BO  |d 2026-01-15  |i 3036  |l 0  |o DOC 839.33 REV  |p BO3036  |r 2026-01-15 23:19:19  |w 2026-01-15  |x [Sebina 5] [1 v.]  |y BK  |z 1 v. 
999 |c 14024  |d 14024